Most Sold Video Games By Letter - Statistics

General Stats
  • This quiz has been taken 27 times
  • The average score is 5 of 26
Answer Stats
Letter Sales
(Millions)
Video Game % Correct
M 350 Minecraft
73%
S 58 Super Mario Bros
73%
G 225 Grand Theft Auto V
64%
T 520 Tetris
55%
R 82 Red Dead Redemption 2
36%
N 30.8 New Super Mario Bos
32%
W 82.9 Wii Sports
23%
A 49.32 Animal Crossing: New Horizons
18%
E 30 Elden Ring
18%
P 75 PUBG: Battlegrounds
18%
D 28.3 Duck Hunt
14%
H 55 Human Fall Flat
9%
O 50 Overwatch
9%
I 27 It Takes Two
5%
L 35.34 (The) Legends of Zelda: Breath of the Wild
5%
B 30 Borderlands 2
0%
C 43 Call of Duty: Black Ops III
0%
F 30 Far Cry 5
0%
J 5.1 Just Cause 3
0%
K 2.3 Kenshi
0%
Q .27 Q-Ball: Billiards Master
0%
U 1.7 Universe Sandbox
0%
V .5 Victoria 3
0%
X .62 X Plane
0%
Y 2.8 Yakusa 7
0%
Z 4 Zoo Tycoon
0%
No matching quizzes found
Score Distribution
Percent of People with Each Score
Percentile by Number Answered
Your Score History
You have not taken this quiz